1855 1669 1781 1014 1418 1942 1948 1356 1066 1456 1555 1097 1392 1231 1214 1797 1348 1921 1960 1141 1685 1625 1641 1162 1950 1893 1383 1631 1571 1782 1222 1854 1044 1701 1710 1382 1925 1026 1988 1273 1809 1442 1156 1966 1935 1513 1326 1728 1140 1374 1270 1243 1764 1761 1459 1688 1200 1458 1202 1084 1172 1293 1963 1868 1448 1953 1999 1913 1466 1512 1707 1193 1330 1263 1076 1669 1945 1746 1983 1010 1856 1149 1158 1616 1735 1550 1328 1349 1394 1191 1961 1719 1823 1813 1078 1236 1785 1789 1447 BCNSPRNW ULIB Ver.6.0+V

เปลี่ยนเป็นภาษาไทย

Change to English
 แสดงรายละเอียดบรรณานุกรม
  กลับหน้าหลัก

Brief Record : Get Marc (ISO 2709) : E-mail record : QR code < ปิดหน้าต่าง
LEADER : 00000nam 2200000uu 4500
001    13399126542
003     ULIB
008    181019s2018||||th 000 0 tha d
020    ^a9781119078531 (paper)
060 10 ^aWY49^bC536
245 00 ^aChildren & young people s nursing skills at a glance / ^cedited by Elizabeth Gormley-Fleming, Deborah Martin.
246 1  ^aChildren and young people s nursing skills at a glance
260    ^aHoboken, NJ : ^bWiley, ^c2018.
490 1  ^aAt a glance
504    ^aIncludes bibliographical references and index.
650 12 ^aPediatric Nursing ^0 https://id.nlm.nih.gov/mesh/D010371
655  2 ^aHandbooks ^0 https://id.nlm.nih.gov/mesh/D020479
700 1  ^aGormley-Fleming, Elizabeth, ^eeditor
700 1  ^aMartin, Deborah ^q(Deborah Anne), ^eeditor.
830  0 ^aAt a glance series (Oxford, England)
945    ^p0^l0^i26810
999    ^aกัณชพร จุลอักษร
รายการนี้ยังไม่มีแท็ก
คุณยังไม่ได้ล็อกอิน คุณสามารถมีกิจกรรมร่วมกับเว็บไซต์ได้ แต่ต้องล็อกอินก่อน ::
  ล็อกอิน

รายการสื่อสารสนเทศ

ลำดับที่ ประเภท เลขเรียก/บาร์โค้ด สถานที่ สถานะ
1. วิทยาศาสตร์การแพทย์ และสุขภาพ
วิทยาศาสตร์การแพทย์ และสุขภาพ
WY49 C536 ฉ.1 
  Barcode: 26810
ห้องสมุดวิทยาเขตนครสวรรค์
►หนังสือทั่วไป:l:General Books
บนชั้น

BibComment


ยังไม่เคยถูกคอมเมนท์

คอมเมนท์ทรัพยากรรายการนี้
  คอมเมนท์: Children young ..


 Copyright 2026. Bcnsprnw @Library